| 000 | 00322nam a22001337a 4500 | ||
|---|---|---|---|
| 999 |
_c13649 _d13649 |
||
| 020 | _a969 0 01424 2 | ||
| 082 |
_a954.03 _bKHU |
||
| 100 | _aHamida Khuhro | ||
| 245 |
_aMohammad Ayub Khuhro _ba life of courage in politics |
||
| 260 |
_aLahore _bFerozsons _c1998 |
||
| 300 | _a576 pages | ||
| 650 | _aBiography | ||
| 942 | _cBK | ||